[Event "Mittelfranken-chTB2a 1920"]
[Site "Mittelfranken"]
[Date "2020.01.12"]
[Round "4.1"]
[White "Klein, Waldemar"]
[Black "Ruderer, Thomas"]
[Result "0-1"]
[WhiteElo "1881"]
[BlackElo "1752"]
[PlyCount "78"]
[EventDate "2019.10.13"]
[EventType "team-tourn"]
[EventRounds "9"]
[EventCountry "GER"]
[SourceTitle "EXT 2023"]
[Source "ChessBase"]
[SourceDate "2022.10.05"]
[SourceVersion "1"]
[SourceVersionDate "2022.10.05"]
[SourceQuality "1"]
[WhiteTeam "Nuernberg Sued SW IV"]
[BlackTeam "Heideck/Hilpoltstein II"]
[WhiteTeamCountry "GER"]
[BlackTeamCountry "GER"]

1. g3 Nf6 2. d3 g6 3. Bg2 Bg7 4. e4 d6 5. Ne2 Nbd7 6. 0-0 0-0 7. c4 c6 8. Nbc3 Qc7 9. h3 a6 10. Be3 b5 11. cxb5 axb5 12. Nxb5 cxb5 13. e5 Bb7 14. exf6 Bxf6 15. Rc1 Qb8 16. Qb3 Bxg2 17. Kxg2 Qb7+ 18. f3 Rac8 19. Nc3 Bxc3 20. bxc3 Ne5 21. d4 Nc4 22. Bh6 Ra8 23. Bxf8 Ne3+ 24. Kf2 Nxf1 25. Bh6 Nh2 26. d5 Qa7+ 27. Kg2 Qxa2+ 28. Qc2 Qxd5 29. Qe2 Nxf3 30. c4 bxc4 31. Qb2 Ne5+ 32. Kh2 f6 33. Ra1 Nf3+ 34. Kg2 Ne1+ 35. Kh2 Rxa1 36. Qb8+ Kf7 37. Qf8+ Ke6 38. Qg8+ Ke5 39. Bf4+ Ke4 0-1

[Event "Mittelfranken-chTB2a 1920"]
[Site "Mittelfranken"]
[Date "2019.12.01"]
[Round "3.1"]
[White "Klein, Waldemar"]
[Black "Walter, Stefan2222"]
[Result "1/2-1/2"]
[WhiteElo "1881"]
[BlackElo "1854"]
[PlyCount "45"]
[EventDate "2019.10.13"]
[EventType "team-tourn"]
[EventRounds "9"]
[EventCountry "GER"]
[SourceTitle "EXT 2023"]
[Source "ChessBase"]
[SourceDate "2022.10.05"]
[SourceVersion "1"]
[SourceVersionDate "2022.10.05"]
[SourceQuality "1"]
[WhiteTeam "Nuernberg Sued SW IV"]
[BlackTeam "Fuerth SG II"]
[WhiteTeamCountry "GER"]
[BlackTeamCountry "GER"]

1. d4 d5 2. Nf3 Nf6 3. e3 e6 4. Nbd2 c5 5. Bb5+ Bd7 6. Bxd7+ Nbxd7 7. 0-0 Bd6 8. b3 0-0 9. Bb2 Qc7 10. dxc5 Bxc5 11. c4 Rac8 12. Rc1 Qb8 13. Rc2 Rfd8 14. Qa1 dxc4 15. Rxc4 Ne8 16. Ne4 Be7 17. Rfc1 Rxc4 18. Rxc4 Rc8 19. Rxc8 Qxc8 20. Qb1 h6 21. Nd4 a6 22. Qd3 Qc7 23. Bc3 1/2-1/2

[Event "Mittelfranken-chTB2a 1819"]
[Site "Mittelfranken"]
[Date "2018.11.04"]
[Round "2.2"]
[White "Klein, Waldemar"]
[Black "Veh Hoelzlein, Michael"]
[Result "1/2-1/2"]
[WhiteElo "1877"]
[BlackElo "1978"]
[PlyCount "53"]
[EventDate "2018.10.14"]
[EventType "team-tourn"]
[EventRounds "9"]
[EventCountry "GER"]
[SourceTitle "EXT 2022"]
[Source "ChessBase"]
[SourceDate "2021.10.06"]
[SourceVersion "1"]
[SourceVersionDate "2021.10.06"]
[SourceQuality "1"]
[WhiteTeam "Nuernberg Sued SW IV"]
[BlackTeam "Cadolzburg"]
[WhiteTeamCountry "GER"]
[BlackTeamCountry "GER"]

1. d4 Nf6 2. Nf3 c5 3. e3 e6 4. Bd3 Nc6 5. c3 d5 6. 0-0 Be7 7. Nbd2 0-0 8. b3 Rb8 9. Bb2 b5 10. Qc2 c4 11. bxc4 bxc4 12. Be2 Bd7 13. Rfb1 Qa5 14. e4 Rfc8 15. e5 Ne8 16. Bc1 Nxe5 17. dxe5 Ba4 18. Nb3 cxb3 19. axb3 Bxb3 20. Rxa5 Bxc2 21. Rxb8 Rxb8 22. Be3 a6 23. h3 Nc7 24. Nd4 Bg6 25. Nc6 Rb1+ 26. Kh2 Bf8 27. Bxa6 1/2-1/2

[Event "Mittelfranken-chTB2b 1718"]
[Site "Mittelfranken"]
[Date "2018.05.06"]
[Round "9.4"]
[White "Klein, Waldemar"]
[Black "Krauss, Hermann"]
[Result "1/2-1/2"]
[WhiteElo "1887"]
[BlackElo "1951"]
[PlyCount "46"]
[EventDate "2017.10.08"]
[EventType "team-tourn"]
[EventRounds "9"]
[EventCountry "GER"]
[SourceTitle "EXT 2022"]
[Source "ChessBase"]
[SourceDate "2021.10.06"]
[SourceVersion "1"]
[SourceVersionDate "2021.10.06"]
[SourceQuality "1"]
[WhiteTeam "Nuernberg Sued SW III"]
[BlackTeam "Nuernberg Noris Tarrasch IV"]
[WhiteTeamCountry "GER"]
[BlackTeamCountry "GER"]

1. Nf3 c5 2. e4 e6 3. d3 Nc6 4. Be2 g6 5. Bg5 Qc7 6. 0-0 Bg7 7. c3 Nge7 8. Qc2 0-0 9. Be3 b6 10. d4 cxd4 11. cxd4 d5 12. e5 Qd7 13. Rc1 Bb7 14. Nbd2 Rfc8 15. Qa4 Nxe5 16. Rxc8+ Bxc8 17. Bb5 Nxf3+ 18. Nxf3 Qb7 19. Rc1 a6 20. Bc6 Nxc6 21. Qxc6 Qxc6 22. Rxc6 b5 23. Rc7 f6 1/2-1/2

[Event "Mittelfranken-chTB2b 1718"]
[Site "Mittelfranken"]
[Date "2017.11.19"]
[Round "3.4"]
[White "Simon, Martin"]
[Black "Klein, Waldemar"]
[Result "1-0"]
[WhiteElo "1887"]
[BlackElo "1887"]
[PlyCount "111"]
[EventDate "2017.10.08"]
[EventType "team-tourn"]
[EventRounds "9"]
[EventCountry "GER"]
[SourceTitle "EXT 2022"]
[Source "ChessBase"]
[SourceDate "2021.10.06"]
[SourceVersion "1"]
[SourceVersionDate "2021.10.06"]
[SourceQuality "1"]
[WhiteTeam "Neumarkt"]
[BlackTeam "Nuernberg Sued SW III"]
[WhiteTeamCountry "GER"]
[BlackTeamCountry "GER"]

1. e4 c6 2. d4 g6 3. Nc3 d5 4. e5 h5 5. Bf4 Bh6 6. Qd2 Bf5 7. 0-0-0 e6 8. Nf3 Bg4 9. Be2 Bxf3 10. Bxf3 Nd7 11. h3 Bxf4 12. Qxf4 g5 13. Qe3 Qe7 14. Be2 0-0-0 15. g4 h4 16. f4 gxf4 17. Qxf4 Nf8 18. Rhf1 Rd7 19. Na4 Nh7 20. Nc5 Rc7 21. Kb1 Qg5 22. Qf3 Nh6 23. Qa3 Kb8 24. Qb3 Ka8 25. Rd3 Nf8 26. Qa4 Nd7 27. Ra3 b5 28. Qa5 Rhc8 29. Rxf7 Nxf7 30. Nxe6 Rb7 31. Nxg5 Nxg5 32. Qd2 Rg8 33. Re3 Nf8 34. Bd3 Nfe6 35. Bf5 Rf7 36. c3 Rgf8 37. Qe1 Rh8 38. Bg6 Rf4 39. Bf5 Rh6 40. Kc2 Nf3 41. Qh1 Nfg5 42. Qg2 Kb7 43. Kb3 Kc7 44. a4 bxa4+ 45. Kxa4 Ng7 46. Qh2 N7e6 47. b4 Rf1 48. Kb3 Ra1 49. Bxe6 Rxe6 50. Qf4 c5 51. Qxg5 c4+ 52. Kb2 Rea6 53. Qe7+ Kc8 54. Qc5+ Kd8 55. Qxd5+ Ke8 56. Qxc4 1-0

[Event "Regionalliga NO 1617"]
[Site "Bayern"]
[Date "2016.12.04"]
[Round "3.7"]
[White "Dechant, Georg"]
[Black "Klein, Waldemar"]
[Result "1/2-1/2"]
[WhiteElo "1914"]
[BlackElo "1856"]
[PlyCount "81"]
[EventDate "2016.10.16"]
[EventType "team-tourn"]
[EventRounds "9"]
[EventCountry "GER"]
[SourceTitle "EXT 2019"]
[Source "ChessBase"]
[SourceDate "2018.10.10"]
[SourceVersion "1"]
[SourceVersionDate "2018.10.10"]
[SourceQuality "1"]
[WhiteTeam "Regensburg Bavaria"]
[BlackTeam "Nuernberg Sued SW II"]
[WhiteTeamCountry "GER"]
[BlackTeamCountry "GER"]

1. e4 c6 2. d4 g6 3. f4 d5 4. e5 h5 5. Nf3 Bg4 6. h3 Bxf3 7. Qxf3 e6 8. Bd3 h4 9. Nc3 Nh6 10. Be3 Bb4 11. 0-0 Nf5 12. Ne2 Nd7 13. c3 Be7 14. b4 b5 15. a4 a6 16. a5 Qc7 17. Bf2 0-0-0 18. Nc1 Rdg8 19. Nb3 Kb7 20. Rfb1 Kc8 21. Rb2 Kb7 22. Rc1 Rc8 23. Nd2 Nb8 24. Rcb1 Qd7 25. Nb3 Kc7 26. Rd1 Qe8 27. Rdb1 Qf8 28. Nd2 Qh6 29. Rc2 Kd7 30. Nf1 Qg7 31. Nh2 Qh6 32. Ng4 Qg7 33. Rd1 Rh7 34. Re2 Rch8 35. Ree1 Kc7 36. Kf1 Kd7 37. Kg1 Rg8 38. Kh1 Re8 39. Rf1 Rg8 40. Be1 Re8 41. Rd2 1/2-1/2

[Event "Regionalliga NO 1617"]
[Site "Bayern"]
[Date "2016.10.16"]
[Round "1.8"]
[White "Klein, Waldemar"]
[Black "Walther, Reinhard"]
[Result "1-0"]
[WhiteElo "1856"]
[BlackElo "1899"]
[PlyCount "51"]
[EventDate "2016.10.16"]
[EventType "team-tourn"]
[EventRounds "9"]
[EventCountry "GER"]
[SourceTitle "EXT 2019"]
[Source "ChessBase"]
[SourceDate "2018.10.10"]
[SourceVersion "1"]
[SourceVersionDate "2018.10.10"]
[SourceQuality "1"]
[WhiteTeam "Nuernberg Sued SW II"]
[BlackTeam "Herzogenaurach II"]
[WhiteTeamCountry "GER"]
[BlackTeamCountry "GER"]

1. d4 d5 2. Nf3 Nf6 3. Bf4 e6 4. e3 c5 5. c3 Nc6 6. Bb5 Bd7 7. Nbd2 Be7 8. 0-0 Nh5 9. Bg3 Nxg3 10. hxg3 Qc7 11. e4 a6 12. Ba4 h5 13. exd5 exd5 14. Re1 Be6 15. Ne5 b5 16. Nxc6 Qxc6 17. Bc2 h4 18. gxh4 Bxh4 19. Bf5 Be7 20. Bxe6 fxe6 21. Qg4 Kd7 22. Nf3 Qd6 23. dxc5 Qxc5 24. Qxe6+ Kd8 25. Ne5 Rf8 26. Qd7# 1-0

[Event "Nuremberg Zabo op 18th"]
[Site "Nuremberg"]
[Date "2016.09.18"]
[Round "4"]
[White "Klein, Waldemar"]
[Black "Kocak, Ediz"]
[Result "1-0"]
[WhiteElo "1891"]
[BlackElo "1647"]
[PlyCount "51"]
[EventDate "2016.09.16"]
[EventType "swiss"]
[EventRounds "5"]
[EventCountry "GER"]
[SourceTitle "EXT 2018"]
[Source "ChessBase"]
[SourceDate "2017.10.13"]
[SourceVersion "1"]
[SourceVersionDate "2017.10.13"]
[SourceQuality "1"]

1. d4 Nf6 2. Nf3 e6 3. Bg5 Be7 4. c3 b6 5. Bxf6 Bxf6 6. e4 Bb7 7. Nbd2 d6 8. Bd3 Nd7 9. Qe2 c5 10. 0-0 0-0 11. Rfe1 g6 12. e5 Be7 13. exd6 Bxd6 14. Be4 Qc7 15. Bxb7 Qxb7 16. Ne4 Be7 17. Rad1 Rad8 18. Qe3 Rfe8 19. Qh6 Bf8 20. Qh4 Kg7 21. Ne5 Be7 22. Qf4 Nxe5 23. dxe5 Rxd1 24. Rxd1 Rd8 25. Nd6 Bxd6 26. Qf6+ 1-0

[Event "Nuremberg Zabo op 18th"]
[Site "Nuremberg"]
[Date "2016.09.17"]
[Round "2"]
[White "Klein, Waldemar"]
[Black "Hadasch, Frank"]
[Result "1/2-1/2"]
[WhiteElo "1891"]
[BlackElo "1457"]
[PlyCount "84"]
[EventDate "2016.09.16"]
[EventType "swiss"]
[EventRounds "5"]
[EventCountry "GER"]
[SourceTitle "EXT 2018"]
[Source "ChessBase"]
[SourceDate "2017.10.13"]
[SourceVersion "1"]
[SourceVersionDate "2017.10.13"]
[SourceQuality "1"]

1. d4 Nf6 2. Nf3 e6 3. Bf4 c5 4. e3 Qb6 5. Qc1 Nc6 6. c3 Be7 7. Nbd2 d5 8. h3 0-0 9. Qc2 cxd4 10. exd4 Bd7 11. Bd3 Rfc8 12. Qb3 Qd8 13. Ne5 Na5 14. Qd1 b5 15. 0-0 b4 16. cxb4 Bxb4 17. Ba6 Be8 18. Bxc8 Rxc8 19. Nd3 Be7 20. a4 Qb6 21. Be3 Nc6 22. Rc1 Rb8 23. Nf3 Na5 24. Bd2 Nb3 25. a5 Qb5 26. Rc3 Ne4 27. Qc2 Nxc3 28. Bxc3 a6 29. Nd2 Nxa5 30. Ne5 f6 31. Ng4 Bb4 32. Re1 Qc6 33. Qd3 Bxc3 34. bxc3 Rc8 35. Ra1 Bg6 36. Qe2 Nc4 37. Nxc4 dxc4 38. Ra5 Bf7 39. Rc5 Qb7 40. Qxc4 Rxc5 41. Qxc5 Qb1+ 42. Kh2 Qb8+ 1/2-1/2

[Event "Mittelfranken-chTB2b 1516"]
[Site "Mittelfranken"]
[Date "2015.11.22"]
[Round "3.4"]
[White "Lutzky, Manfred"]
[Black "Klein, Waldemar"]
[Result "1/2-1/2"]
[WhiteElo "1880"]
[BlackElo "1891"]
[PlyCount "51"]
[EventDate "2015.10.18"]
[EventType "team-tourn"]
[EventRounds "9"]
[EventCountry "GER"]
[SourceTitle "EXT 2020"]
[Source "ChessBase"]
[SourceDate "2019.10.17"]
[SourceVersion "1"]
[SourceVersionDate "2019.10.17"]
[SourceQuality "1"]
[WhiteTeam "Nuernberg NT IV"]
[BlackTeam "Nuernberg Sued SW V"]
[WhiteTeamCountry "GER"]
[BlackTeamCountry "GER"]

1. e4 d5 2. exd5 Qxd5 3. Nf3 Bg4 4. Be2 c6 5. 0-0 Nf6 6. d4 e6 7. c4 Qd8 8. Nc3 Be7 9. Bf4 0-0 10. Re1 Nh5 11. Be3 Nf6 12. h3 Bh5 13. Ne5 Bxe2 14. Rxe2 Nbd7 15. Rd2 Bb4 16. Qf3 Qa5 17. Bf4 Rfd8 18. Rad1 Bxc3 19. bxc3 Nxe5 20. Bxe5 Nd7 21. Bg3 Nb6 22. Bc7 Rd7 23. Qg3 Qa6 24. Be5 f5 25. c5 Nc4 26. Re2 1/2-1/2

[Event "Mittelfranken-ch"]
[Site "Wachendorf"]
[Date "2013.03.28"]
[Round "6.10"]
[White "Klein, Waldemar"]
[Black "Thuerauf, Peter"]
[Result "1/2-1/2"]
[WhiteElo "1921"]
[BlackElo "1862"]
[PlyCount "49"]
[EventDate "2013.03.26"]
[EventType "swiss"]
[EventRounds "9"]
[EventCountry "GER"]
[SourceTitle "EXT 2022"]
[Source "ChessBase"]
[SourceDate "2021.10.06"]
[SourceVersion "1"]
[SourceVersionDate "2021.10.06"]
[SourceQuality "1"]

1. c4 e6 2. g3 d5 3. Bg2 c6 4. cxd5 exd5 5. Nf3 Nf6 6. 0-0 Bd6 7. d4 0-0 8. Nc3 Nbd7 9. Ne1 Re8 10. Nd3 Ne4 11. Nxe4 dxe4 12. Nf4 Nf6 13. e3 Bg4 14. Ne2 Qd7 15. Qc2 Bf3 16. h3 Rac8 17. Qd2 Qf5 18. b4 Qh5 19. Nf4 Bxf4 20. exf4 Bxg2 21. Kxg2 Qf3+ 22. Kg1 Nd5 23. Qe1 Qh5 24. Kh2 f5 25. Be3 1/2-1/2

[Event "Mittelfranken-ch"]
[Site "Wachendorf"]
[Date "2013.03.26"]
[Round "1.4"]
[White "Klein, Waldemar"]
[Black "Saathoff, Richard"]
[Result "0-1"]
[WhiteElo "1921"]
[BlackElo "2152"]
[PlyCount "86"]
[EventDate "2013.03.26"]
[EventType "swiss"]
[EventRounds "9"]
[EventCountry "GER"]
[SourceTitle "EXT 2022"]
[Source "ChessBase"]
[SourceDate "2021.10.06"]
[SourceVersion "1"]
[SourceVersionDate "2021.10.06"]
[SourceQuality "1"]

1. c4 Nf6 2. g3 g6 3. Nc3 Bg7 4. Bg2 d6 5. e4 0-0 6. Nge2 c5 7. 0-0 Nc6 8. d3 Bd7 9. Rb1 Rb8 10. a3 a5 11. Nd5 b5 12. Nxf6+ Bxf6 13. Bh6 Re8 14. b3 bxc4 15. bxc4 Rxb1 16. Qxb1 Qb8 17. Bd2 Qb2 18. Qxb2 Bxb2 19. Bc1 Rb8 20. Nf4 Nd4 21. Bxb2 Rxb2 22. Nd5 Kf8 23. e5 dxe5 24. Nc3 Ne2+ 25. Nxe2 Rxe2 26. Rb1 Rd2 27. Bf1 Ra2 28. Rb8+ Kg7 29. Rb7 Bc6 30. Rb3 Ra1 31. f4 exf4 32. gxf4 a4 33. Rb6 Bd7 34. Kf2 Rxa3 35. Rb7 Bf5 36. Rxe7 Bxd3 37. Bxd3 Rxd3 38. Re5 Rd4 39. Rxc5 Rxf4+ 40. Ke3 Rh4 41. Kd3 Kf6 42. Ra5 a3 43. Kc3 Rxh2 0-1

[Event "Mittelfranken Mitte-ch 1213"]
[Site "Zirndorf"]
[Date "2013.01.06"]
[Round "7"]
[White "Klein, Waldemar"]
[Black "Knab, Reinhard"]
[Result "1-0"]
[WhiteElo "1921"]
[BlackElo "1806"]
[PlyCount "51"]
[EventDate "2013.01.03"]
[EventType "swiss"]
[EventRounds "7"]
[EventCountry "GER"]
[SourceTitle "EXT 2015"]
[Source "ChessBase"]
[SourceDate "2014.11.20"]
[SourceVersion "1"]
[SourceVersionDate "2014.11.20"]
[SourceQuality "1"]

1. c4 f5 2. d3 Nf6 3. Bg5 e5 4. Nc3 Be7 5. e3 0-0 6. Qc2 c6 7. 0-0-0 d6 8. Nf3 Nbd7 9. h3 h6 10. Bxf6 Bxf6 11. d4 exd4 12. Nxd4 Nc5 13. Be2 Ne4 14. Nxe4 fxe4 15. Qxe4 Qa5 16. a3 Bxd4 17. Qxd4 Rxf2 18. Bf3 Be6 19. Qh4 Rxb2 20. Kxb2 Qb6+ 21. Ka2 Qxe3 22. Qd4 Qg5 23. Rhe1 Bf7 24. Kb2 b5 25. Bxc6 Rb8 26. Qxd6 1-0

[Event "Mittelfranken-chTB1 1213"]
[Site "Germany"]
[Date "2012.10.21"]
[Round "2.7"]
[White "Borodulin, Vladimir"]
[Black "Klein, Waldemar"]
[Result "1/2-1/2"]
[WhiteElo "1650"]
[BlackElo "1927"]
[PlyCount "61"]
[EventDate "2012.10.07"]
[EventType "team-tourn"]
[EventRounds "9"]
[EventCountry "GER"]
[SourceTitle "EXT 2019"]
[Source "ChessBase"]
[SourceDate "2018.10.10"]
[SourceVersion "1"]
[SourceVersionDate "2018.10.10"]
[SourceQuality "1"]
[WhiteTeam "Fuerth SZ"]
[BlackTeam "Nuernberg Sued SW II"]
[WhiteTeamCountry "GER"]
[BlackTeamCountry "GER"]

1. e4 d5 2. exd5 Qxd5 3. Nc3 Qa5 4. g3 c6 5. d3 Nf6 6. Bd2 Bg4 7. Be2 Bxe2 8. Qxe2 e6 9. Ne4 Qc7 10. Nxf6+ gxf6 11. Nf3 Nd7 12. Bc3 Rg8 13. Qe4 f5 14. Qh4 h6 15. 0-0 Rg6 16. Rfe1 Be7 17. Qh3 0-0-0 18. Ne5 Nxe5 19. Bxe5 Bd6 20. Bxd6 Qxd6 21. Qh4 f4 22. Re4 fxg3 23. hxg3 f5 24. Rf4 Qe5 25. Rb4 a5 26. Rxb7 Kxb7 27. Qxd8 f4 28. Qd7+ Kb6 29. Qd8+ Kb7 30. Qd7+ Kb6 31. Qd8+ 1/2-1/2

[Event "Seebach op 23rd"]
[Site "Grossenseebach"]
[Date "2012.06.07"]
[Round "2"]
[White "Klein, Waldemar"]
[Black "Schneider, Peter1111"]
[Result "1-0"]
[WhiteElo "1927"]
[BlackElo "1621"]
[PlyCount "95"]
[EventDate "2012.06.07"]
[EventType "swiss"]
[EventRounds "7"]
[EventCountry "GER"]
[SourceTitle "EXT 2013"]
[Source "ChessBase"]
[SourceDate "2012.11.22"]
[SourceVersion "1"]
[SourceVersionDate "2012.11.22"]
[SourceQuality "1"]

1. c4 c6 2. Nc3 d5 3. b3 Nf6 4. d4 e6 5. Bb2 Nbd7 6. e3 Be7 7. Bd3 0-0 8. f4 Bb4 9. a3 Bxc3+ 10. Bxc3 c5 11. Nf3 b6 12. 0-0 Bb7 13. Ne5 dxc4 14. Bxc4 Ne4 15. Bb2 Nxe5 16. fxe5 Qg5 17. Qe2 f6 18. exf6 Rxf6 19. Rxf6 Nxf6 20. dxc5 Qxc5 21. Rc1 Qe7 22. Bxf6 gxf6 23. Qg4+ Kh8 24. Qf4 Rc8 25. Rf1 Rf8 26. Qh6 f5 27. e4 Rg8 28. Qf4 Qg7 29. Rf2 fxe4 30. Bf1 e5 31. Qf7 Rd8 32. Qxg7+ Kxg7 33. Rf5 Re8 34. Bc4 Re7 35. Kf2 Kg6 36. Rf8 Kg7 37. Rf5 a6 38. a4 Bc8 39. Rg5+ Kf6 40. Rg8 Be6 41. Bxe6 Rxe6 42. Ke3 Kf7 43. Rg3 Rg6 44. Rxg6 hxg6 45. Kxe4 Ke6 46. h4 a5 47. g4 Kf6 48. Kd5 1-0

[Event "Seebach op 23rd"]
[Site "Grossenseebach"]
[Date "2012.06.07"]
[Round "1"]
[White "Miller, Eduard"]
[Black "Klein, Waldemar"]
[Result "1-0"]
[WhiteElo "2225"]
[BlackElo "1927"]
[PlyCount "39"]
[EventDate "2012.06.07"]
[EventType "swiss"]
[EventRounds "7"]
[EventCountry "GER"]
[SourceTitle "EXT 2013"]
[Source "ChessBase"]
[SourceDate "2012.11.22"]
[SourceVersion "1"]
[SourceVersionDate "2012.11.22"]
[SourceQuality "1"]

1. d4 d5 2. c4 e6 3. Nc3 c6 4. e4 dxe4 5. Nxe4 Bb4+ 6. Bd2 Bxd2+ 7. Qxd2 Nf6 8. Nc3 0-0 9. Nf3 Nbd7 10. 0-0-0 Qa5 11. Qf4 Re8 12. g4 Nf8 13. Bd3 Ng6 14. Bxg6 hxg6 15. Ne5 Qc7 16. h4 Qe7 17. h5 gxh5 18. gxh5 Nd7 19. h6 Nxe5 20. hxg7 1-0